Statistics for Lucifer Trivia Quiz

Click here to take the quiz!

General Stats

  • This quiz has been taken 1,323 times
  • The average score is 13 of 20

Answer Stats

QuestionAnswer% Correct
How does Lucifer always call Chloe?The Detective
88%
In what season do Lucifer and Chloe kiss for the first time?Season 2
87%
Name all Lucifer’s siblings present in the showAmenadiel
84%
Which Lucifer’s former lover shows up in season 4?Eve
83%
Where is Lucifer headed to by the end of season 4?Hell
83%
What is the name of the night club Lucifer owns?Lux
83%
Who Lieutenant Marcus Pierce really is?Cain
80%
Who cut Lucifer wings off when he first landed in Los Angeles?Mazikeen
79%
What is Trixie’s favourite dessert?Chocolate cake
77%
What is the streaming platform that saved the show after it was cancelled by Fox?Netflix
77%
Who was Lucifer married to for a short time?Candy
66%
What object is the key to bind together the other elements of the flaming sword?Amenadiel’s necklace
56%
Uriel
55%
According to Lucifer, what keeps souls in hell?Their own guilt
52%
Who is Dan’s love interest through season 3?Charlotte Richards
51%
Azrael
47%
Who is responsible for Lucifer being knocked out and kidnapped by the end of season 2?The Sinnerman
39%
What is the name of the priest Chloe conspires with to send Lucifer back to hell?Father Kinley
32%
Remiel
30%
What is the name of Dr. Linda Martin’s late ex husband?Reese Getty
20%

Score Distribution

Percentile by Number Answered

Percent of People with Each Score

Your Score History

You have not taken this quiz